Writing compilers and interpreters / (Record no. 61925)

000 -LEADER
fixed length control field 01230pam a2200337 a 4500
001 - CONTROL NUMBER
control field 688857
003 - CONTROL NUMBER IDENTIFIER
control field NUST-PNEC
005 - DATE AND TIME OF LATEST TRANSACTION
control field 20170116180735.0
008 - FIXED-LENGTH DATA ELEMENTS--GENERAL INFORMATION
fixed length control field 960318s1996 nyua 001 0 eng
010 ## - LIBRARY OF CONGRESS CONTROL NUMBER
LC control number 96005938
020 ## - INTERNATIONAL STANDARD BOOK NUMBER
International Standard Book Number 0471113530
040 ## - CATALOGING SOURCE
Original cataloging agency DLC
Transcribing agency PNEC
Modifying agency DLC
050 00 - LIBRARY OF CONGRESS CALL NUMBER
Classification number QA76.76.C65
Item number M35 1996
082 00 - DEWEY DECIMAL CLASSIFICATION NUMBER
Classification number 005.453 MAK
Edition number 20
100 1# - MAIN ENTRY--PERSONAL NAME
Personal name Mak, Ronald,
Dates associated with a name 1953-
245 10 - TITLE STATEMENT
Title Writing compilers and interpreters /
Statement of responsibility, etc. Ronald Mak.
250 ## - EDITION STATEMENT
Edition statement 2nd ed.
260 ## - PUBLICATION, DISTRIBUTION, ETC.
Place of publication, distribution, etc. New York :
Name of publisher, distributor, etc. Wiley Computer Publishing,
Date of publication, distribution, etc. c1996.
300 ## - PHYSICAL DESCRIPTION
Extent xix, 838 p. :
Other physical details ill. ;
Dimensions 24 cm.
500 ## - GENERAL NOTE
General note Includes index.
650 #0 - SUBJECT ADDED ENTRY--TOPICAL TERM
Topical term or geographic name entry element Compilers (Computer programs)
General subdivision Computer, MIS
650 #0 - SUBJECT ADDED ENTRY--TOPICAL TERM
Topical term or geographic name entry element Interpreters (Computer programs)
650 #0 - SUBJECT ADDED ENTRY--TOPICAL TERM
Topical term or geographic name entry element C++ (Computer program language)
650 #0 - SUBJECT ADDED ENTRY--TOPICAL TERM
Topical term or geographic name entry element Intel 8086 (Microprocessor)
General subdivision Programming.
856 42 - ELECTRONIC LOCATION AND ACCESS
Uniform Resource Identifier <a href="http://www.amazon.com/Writing-Compilers-Interpreters-Ronald-Mak/dp/0471113530/ref=sr_1_1?s=books&ie=UTF8&qid=1416661890&sr=1-1&keywords=0471113530">http://www.amazon.com/Writing-Compilers-Interpreters-Ronald-Mak/dp/0471113530/ref=sr_1_1?s=books&ie=UTF8&qid=1416661890&sr=1-1&keywords=0471113530</a>
856 42 - ELECTRONIC LOCATION AND ACCESS
Materials specified Publisher description
856 4# - ELECTRONIC LOCATION AND ACCESS
Materials specified Table of Contents
906 ## - LOCAL DATA ELEMENT F, LDF (RLIN)
a 7
b cbc
c orignew
d 1
e ocip
f 19
g y-gencatlg
942 ## - ADDED ENTRY ELEMENTS (KOHA)
Source of classification or shelving scheme
Koha item type Book
Holdings
Withdrawn status Lost status Source of classification or shelving scheme Damaged status Not for loan Permanent Location Current Location Shelving location Date acquired Source of acquisition Cost, normal purchase price Total Checkouts Full call number Barcode Date last seen Cost, replacement price Price effective from Koha item type
          Pakistan Navy Engineering College (PNEC) Pakistan Navy Engineering College (PNEC)   11/06/2001 - 890.00   005.453 MAK PNECLIB-025438 11/22/2014 890.00 11/06/2001 Book
© 2023 Central Library, National University of Sciences and Technology. All Rights Reserved.